Manual de derecho local / Francisco Lliset Borrell
ISBN:
84-7052-312-0
Descripción Física:
682 p. ; 21 cm
MARC
| LEADER | 00000nam a2200000Ia 4500 | ||
|---|---|---|---|
| 001 | 14215 | ||
| 008 | 160829s2001 xx 000 0 cat d | ||
| 020 | |a 84-7052-312-0 | ||
| 080 | |a M-4-173 | ||
| 100 | 1 | |a Lliset Borrell, Francisco, |d 1932-2010 |9 3337 | |
| 245 | |a Manual de derecho local / Francisco Lliset Borrell | ||
| 250 | |a 3a ed. | ||
| 260 | |a Madrid : |b El Consultor de los Ayuntamientos y de los Juzgados, |c 2001 | ||
| 300 | |a 682 p. ; |c 21 cm | ||
| 650 | 0 | |a Administració local |x Dret i legislació |z Espanya |9 11255 | |
| 710 | 2 | |a Consultor de los Ayuntamiento y de los Juzgados |e entitat editora |9 55140 | |
| 901 | |a Arxiu | ||
| 942 | |n 1 |2 udc | ||
| 952 | |0 0 |1 0 |4 0 |6 M4173 |7 1 |9 48089 |a Arxiu |b Arxiu |d 2016-12-01 |l 0 |o M-4-173 |p 14215 |r 2016-12-01 00:00:00 |w 2016-12-01 |y ARXIU | ||
| 999 | |c 51892 |d 51892 | ||